000 003960000a22001690004500
003 LK-CoMWRAF
005 20230924221510.0
008 230817t ||||| |||| 00| 0 eng d
040 _aLK-CoMWRAF
_dLK-CoMWRAF
_eLK-CoMWRAF
041 _aeng
082 _a297
_bCAR
100 _aCareem, Fazal Nakshab
245 _aIn good times and bad
300 _a63p
650 _aCounseling
942 _cBK
999 _c1980
_d1980